000 00660nac a22002177a 4500
001 BR8403333
003 BR-BrBNA
005 20240105120046.0
008 230509b bl.|||m| |||| 00| 0 por d
040 _aBR-BrBNA
_bpor
_cBiblioteca Nacional de Agricultura
072 _aE10
090 _aE10 BR8403333
110 1 _aBanco do Brasil S.A., Brasilia, DF (Brasil)
_91095
245 1 _aRelatorio anual 1983 [Banco do Brasil S.A.]
260 3 _aBrasilia, DF (Brasil):
_c1984.
300 _a55 p.
490 _aRelatorio - Banco do Brasil S.A. (Brazil)
_v
_x
650 _aECONOMIA
909 _a202312
_bLúcia Elande
_c55
_dLúcia Elande
942 _2AGRIS
_n0
_cMS
999 _c277741
_d277741